| 000 | 00600nam a22001457a 4500 | ||
|---|---|---|---|
| 999 |
_c2270 _d2270 |
||
| 020 | _a9788174764942 | ||
| 050 | _aHF5549.5.T37 TAR | ||
| 100 | _a S K Tarafder | ||
| 245 |
_aHow to face interviews _b guidelines to job seekers _c S K Tarafder |
||
| 260 |
_aNew Delhi _bUBSPD _c2008 |
||
| 300 | _ax, 130 pages ; 22 cm | ||
| 505 | _a1. WHAT THE CANDIDATE HAS TO FOLLOW FOR FACING THE INTERVIEW 2. WHAT THE INTERVIEWERS DESERVE FROM THE INTERVIEWEES 3. WRITTEN TEST AND GROUP DISCUSSION 4. PERSONALITY TRAITS OF THE INTERVIEWEES 5. GENERAL QUESTIONS AND ANSWERS | ||
| 650 | _aManagement | ||
| 942 | _cBK | ||